000 00612nam a22002057a 4500
005 20240530110428.0
008 150328r2012 ua g 000 0 ara d
017 _a2011/19971
_bمصر . دار الكتب المصرية
020 _a9789770930922
040 _aEG-CaGPL
082 0 4 _221
_a813.03\
_bي م
100 0 _aيوسف زيدان
245 1 0 _aمحال :
_bرواية /
250 _aط2
260 _aالقاهرة :
_bدار الشروق ،
_c2012
300 _a244 ص ؛
_c20 سم
650 0 4 _aالقصة العربية
942 _2ddc
_cBK
999 _c60798
_d60798